[Event "Lichtenberger Sommer 2016"]
[Site "?"]
[Date "2016.08.16"]
[Round "4.103"]
[White "Paris, Gerhard"]
[Black "Hoffmann, Kay"]
[Result "1-0"]
[WhiteElo "1486"]
[BlackElo "984"]
[PlyCount "45"]
[EventDate "2016.??.??"]
[WhiteTeam "TSG Oberschöneweide"]
[BlackTeam "SC Eintracht Berlin"]

1. e3 e5 2. Nc3 Nc6 3. Nf3 Bb4 4. a3 Ba5 5. b4 Bb6 6. b5 Nce7 7. Nxe5 d6 8. Nc4
d5 9. Nxb6 axb6 10. Bb2 Nf6 11. d4 O-O 12. Bd3 c6 13. a4 c5 14. O-O c4 15. Be2
Bf5 16. h3 Qd6 17. Ba3 Qc7 18. Bf3 Rfd8 19. Qe2 Rd7 20. g4 Be6 21. Bg2 Ng6 22.
f4 Re8 23. f5 1-0

[Event "Lichtenberger Sommer 2016"]
[Site "?"]
[Date "2016.08.16"]
[Round "4.104"]
[White "Lieger, Lucas"]
[Black "Caglar, Erdal"]
[Result "0-1"]
[WhiteElo "1239"]
[BlackElo "1520"]
[PlyCount "72"]
[EventDate "2016.??.??"]
[WhiteTeam "SC Eintracht Berlin"]
[BlackTeam "SW Lichtenrade"]

1. d4 Nf6 2. c4 g6 3. Nc3 Bg7 4. e4 d6 5. f3 Nbd7 6. Be3 O-O 7. Qd2 c5 8. d5
Re8 9. Bh6 e6 10. O-O-O exd5 11. cxd5 a6 12. Bxg7 Kxg7 13. g4 b5 14. Nb1 Ne5
15. h3 b4 16. h4 Nexg4 17. fxg4 Bxg4 18. Re1 Nxe4 19. Qf4 Nf6 20. Rxe8 Qxe8 21.
Qd2 Qe5 22. Bg2 Ne4 23. Bxe4 Qxe4 24. Rh2 Qc4+ 25. Qc2 Qf1+ 26. Kd2 Qf4+ 27.
Ke1 Re8+ 28. Re2 Qg3+ 29. Kd2 Bxe2 30. Nxe2 Qxh4 31. b3 Qh5 32. Nc1 Qh2+ 33.
Kd3 Qg3+ 34. Kc4 Qf4+ 35. Kd3 Qe3+ 36. Kc4 Qd4# 0-1

[Event "Lichtenberger Sommer 2016"]
[Site "?"]
[Date "2016.08.17"]
[Round "5.1"]
[White "Dobrov, Vladimir"]
[Black "Ahmadinia, Ebrahim"]
[Result "1-0"]
[WhiteElo "2510"]
[BlackElo "2357"]
[PlyCount "118"]
[EventDate "2016.??.??"]
[WhiteTeam "Perovo Moscow"]
[BlackTeam "SF 1903 Berlin"]

1. d4 d5 2. c4 c6 3. Nf3 Nf6 4. Qb3 dxc4 5. Qxc4 Bf5 6. g3 e6 7. Bg2 Nbd7 8.
O-O Be7 9. e3 O-O 10. Qe2 Qc7 11. Nc3 Ne4 12. Ne1 Nxc3 13. bxc3 Bg6 14. Nd3
Rfe8 15. Nf4 e5 16. Nxg6 hxg6 17. a4 Qa5 18. Bd2 Rab8 19. Rfb1 Bf6 20. Qd1 Qc7
21. a5 c5 22. Qa4 Red8 23. d5 Be7 24. c4 Nf6 25. Bc3 Ne8 26. Qc2 Bf6 27. e4 Nd6
28. Qe2 g5 29. Rb3 Re8 30. Bf1 Qd7 31. f3 Rbc8 32. Bd2 Rc7 33. Be3 g4 34. Bg2
gxf3 35. Bxf3 Qh3 36. Rf1 Qh7 37. Bg2 Qg6 38. Bc1 Bg5 39. Bb2 Bh6 40. h4 Qh7
41. Kh2 Qg6 42. g4 Bf4+ 43. Kg1 Rce7 44. Ba3 Rc7 45. Rh3 Qh7 46. Kh1 Kf8 47. g5
b5 48. cxb5 Rb8 49. Rb1 Kg8 50. b6 Nc8 51. d6 Nxd6 52. Rd1 Rc6 53. bxa7 Ra8 54.
Qg4 Qg6 55. Qd7 Ra6 56. Bxc5 Rxa5 57. Rxd6 Ra1+ 58. Rd1 Qe6 59. Rhd3 Qa6 1-0

[Event "Lichtenberger Sommer 2016"]
[Site "?"]
[Date "2016.08.17"]
[Round "5.2"]
[White "Morawietz, Dieter"]
[Black "Poetsch, Hagen"]
[Result "1-0"]
[WhiteElo "2424"]
[BlackElo "2501"]
[PlyCount "117"]
[EventDate "2016.??.??"]
[WhiteTeam "Klub Kölner SF"]
[BlackTeam "SF Schöneck"]

1. e4 e6 2. d3 d5 3. Qe2 Nf6 4. Nf3 dxe4 5. dxe4 Nc6 6. e5 Nd5 7. h4 f6 8. a3
fxe5 9. Nxe5 Nxe5 10. Qxe5 Qf6 11. Qxf6 Nxf6 12. Nc3 Bc5 13. Bd3 O-O 14. f3 Bd7
15. Bd2 Nd5 16. Ne4 Bd4 17. O-O-O Ne3 18. Rdg1 a5 19. g3 e5 20. Ng5 h6 21. Re1
Nf5 22. Bc4+ Kh8 23. Nf7+ Kh7 24. Nxe5 Bxe5 25. Rxe5 Nxg3 26. Rg1 Nf5 27. Bc3
h5 28. Re7 Nxe7 29. Rxg7+ Kh6 30. Rxe7 Bh3 31. Bd3 Bf5 32. Bg7+ Kg6 33. Bxf8
Bxd3 34. Rg7+ Kh6 35. Rxc7+ Rxf8 36. cxd3 Rxf3 37. Kd2 Rh3 38. Rc4 Kg6 39. Rf4
Rh2+ 40. Kc3 b6 41. d4 Rh1 42. d5 Rc1+ 43. Kd4 Rc2 44. b3 Rd2+ 45. Ke5 Re2+ 46.
Re4 Rb2 47. b4 Kf7 48. Kd6 a4 49. Kd7 Rb3 50. Rf4+ Kg6 51. d6 Rxa3 52. b5 Ra1
53. Kc6 a3 54. d7 Rc1+ 55. Kxb6 Rd1 56. Kc7 Rc1+ 57. Kb8 Rd1 58. b6 Rxd7 59.
Ra4 1-0

[Event "Lichtenberger Sommer 2016"]
[Site "?"]
[Date "2016.08.17"]
[Round "5.3"]
[White "Figura, Atila Gajo"]
[Black "Schneider, Christian"]
[Result "1/2-1/2"]
[WhiteElo "2374"]
[BlackElo "2220"]
[PlyCount "47"]
[EventDate "2016.??.??"]
[WhiteTeam "SC Kreuzberg"]
[BlackTeam "SG Stadtilm"]

1. d4 Nf6 2. c4 e6 3. Nc3 Bb4 4. Qc2 O-O 5. a3 Bxc3+ 6. Qxc3 b6 7. Bg5 Bb7 8.
e3 d6 9. Ne2 Nbd7 10. Qd3 Qe8 11. Nc3 e5 12. Be2 exd4 13. Qxd4 Ne4 14. Nxe4
Qxe4 15. Qxe4 Bxe4 16. O-O a5 17. b4 axb4 18. axb4 Ne5 19. Rad1 Ra2 20. Rfe1
Rfa8 21. c5 bxc5 22. bxc5 Bc2 23. Rd2 Bd3 24. Rxa2 1/2-1/2

[Event "Lichtenberger Sommer 2016"]
[Site "?"]
[Date "2016.08.17"]
[Round "5.4"]
[White "Melamed, Tatjana"]
[Black "Giemsa, Stephan"]
[Result "1/2-1/2"]
[WhiteElo "2318"]
[BlackElo "2261"]
[PlyCount "108"]
[EventDate "2016.??.??"]
[WhiteTeam "AE Magdeburg"]
[BlackTeam "SK König Tegel"]

1. e4 e6 2. d4 d5 3. Nd2 c5 4. Ngf3 cxd4 5. Nxd4 Nc6 6. Bb5 Bd7 7. Nxc6 bxc6 8.
Bd3 Bd6 9. Qe2 Ne7 10. Nf3 Ng6 11. e5 Bc7 12. O-O f6 13. Bxg6+ hxg6 14. Re1 Rb8
15. c4 Rh5 16. Bf4 g5 17. Nd4 Rh6 18. Nf5 gxf4 19. Nxh6 gxh6 20. Qh5+ Ke7 21.
exf6+ Kxf6 22. Qxh6+ Kf7 23. Qh7+ Ke8 24. cxd5 cxd5 25. Qg8+ Ke7 26. Qg7+ Ke8
27. Rad1 Qe7 28. Qg8+ Qf8 29. Rxe6+ Bxe6 30. Qxe6+ Qe7 31. Qg8+ Kd7 32. Qxd5+
Bd6 33. Qf5+ Qe6 34. Qxf4 Qe1+ 35. Rxe1 Bxf4 36. g3 Bd2 37. Rb1 Rc8 38. Kg2 Rc2
39. Kf3 Ba5 40. h4 Bb6 41. h5 Rxf2+ 42. Ke4 Ke6 43. a4 Bc7 44. Rc1 Bxg3 45.
Rc6+ Bd6 46. Ra6 Rxb2 47. Rxa7 Rh2 48. Ra5 Rh4+ 49. Kd3 Be5 50. Ra6+ Kd7 51. h6
Bd6 52. Ra7+ Bc7 53. Ra6 Bd6 54. Ra7+ Bc7 1/2-1/2

[Event "Lichtenberger Sommer 2016"]
[Site "?"]
[Date "2016.08.17"]
[Round "5.5"]
[White "Jahn, Thomas"]
[Black "Ross, Chris N"]
[Result "1/2-1/2"]
[WhiteElo "2195"]
[BlackElo "2199"]
[PlyCount "64"]
[EventDate "2016.??.??"]
[WhiteTeam "SV Empor Berlin"]
[BlackTeam "Schachgemeinschaft Niederkasse"]

1. e4 c5 2. Nf3 e6 3. d4 cxd4 4. Nxd4 Nc6 5. Nc3 Qc7 6. Be2 a6 7. O-O Nf6 8.
Be3 Bb4 9. Na4 Bd6 10. g3 Be7 11. Nxc6 bxc6 12. Nb6 Rb8 13. Nxc8 Qxc8 14. e5
Nd5 15. Bc1 c5 16. Bf3 Nb4 17. Be4 O-O 18. c4 Nc6 19. Bxc6 Qxc6 20. b3 f6 21.
Bf4 fxe5 22. Bxe5 d6 23. Bb2 Rf3 24. Qe2 e5 25. Rad1 Rbf8 26. Bc1 h5 27. Rd5
Qc8 28. Qe4 Qh3 29. Rd3 Rxd3 30. Qxd3 h4 31. Qg6 hxg3 32. hxg3 Qf5 1/2-1/2

[Event "Lichtenberger Sommer 2016"]
[Site "?"]
[Date "2016.08.17"]
[Round "5.6"]
[White "Simon, Ralf-Axel"]
[Black "Von Herman, Ulf"]
[Result "0-1"]
[WhiteElo "2162"]
[BlackElo "2340"]
[PlyCount "74"]
[EventDate "2016.??.??"]
[WhiteTeam "TSG Neuruppin"]
[BlackTeam "SK König Tegel"]

1. Nf3 c5 2. e4 Nc6 3. Bb5 d6 4. Bxc6+ bxc6 5. h3 e5 6. d3 f5 7. exf5 Bxf5 8.
Bg5 Be7 9. Bxe7 Nxe7 10. Nbd2 Nd5 11. Nc4 Nf4 12. a3 Nd5 13. Nfd2 O-O 14. Ne4
Bxe4 15. dxe4 Qf6 16. O-O Nb6 17. Ne3 Rad8 18. Qe2 Rd7 19. g3 g6 20. Rad1 Qe6
21. c4 Na8 22. Qg4 Nc7 23. Rd2 Kh8 24. Rfd1 Qf7 25. f4 exf4 26. gxf4 h5 27. Qg3
Ne6 28. Rxd6 Nxf4 29. Kh1 Rxd6 30. Rxd6 Qe7 31. Rd2 Qxe4+ 32. Kh2 Ne6 33. Rf2
Rxf2+ 34. Qxf2 Nf4 35. Kg3 g5 36. Nf1 Qe5 37. Kf3 Qf5 0-1

[Event "Lichtenberger Sommer 2016"]
[Site "?"]
[Date "2016.08.17"]
[Round "5.7"]
[White "Lerch, Philipp"]
[Black "Frohberg, Marco"]
[Result "0-1"]
[WhiteElo "2315"]
[BlackElo "2197"]
[PlyCount "78"]
[EventDate "2016.??.??"]
[WhiteTeam "SC Kreuzberg"]
[BlackTeam "Lübecker SV"]

1. c4 c6 2. Nf3 d5 3. g3 Nf6 4. Bg2 dxc4 5. O-O Bf5 6. Na3 e6 7. Nxc4 Nbd7 8.
b3 Be7 9. Bb2 O-O 10. d3 a5 11. a3 Nb6 12. Ne3 Bg6 13. Ne5 Nfd7 14. Nxg6 hxg6
15. Qc2 Re8 16. d4 Nc8 17. Nc4 Nd6 18. e4 a4 19. Ne3 axb3 20. Qxb3 Qb6 21. Qc2
Qa6 22. Rfc1 Qa4 23. Qe2 Nb6 24. Rab1 Nb5 25. d5 exd5 26. exd5 Nxd5 27. Nxd5
cxd5 28. Bxd5 Nd4 29. Qg4 Bf6 30. Rc7 Ne2+ 31. Qxe2 Rxe2 32. Bxf7+ Kh8 33. Bxf6
gxf6 34. Bxg6 b5 35. Rb4 Qd1+ 36. Kg2 Qd5+ 37. Kf1 Qd1+ 38. Kg2 Qd5+ 39. Kh3
Ra4 0-1

[Event "Lichtenberger Sommer 2016"]
[Site "?"]
[Date "2016.08.17"]
[Round "5.8"]
[White "George, Tom"]
[Black "Förster, Jonas"]
[Result "1/2-1/2"]
[WhiteElo "2044"]
[BlackElo "2289"]
[PlyCount "20"]
[EventDate "2016.??.??"]
[WhiteTeam "SG Stadtilm"]
[BlackTeam "SV Empor Berlin"]

1. e4 e6 2. d4 d5 3. Nd2 c5 4. Ngf3 Nc6 5. exd5 exd5 6. Be2 Bd6 7. O-O Nge7 8.
Re1 O-O 9. dxc5 Bxc5 10. Nb3 Bb6 1/2-1/2

[Event "Lichtenberger Sommer 2016"]
[Site "?"]
[Date "2016.08.17"]
[Round "5.9"]
[White "Rudakov, Aleksandr"]
[Black "Barath M"]
[Result "1-0"]
[WhiteElo "2242"]
[BlackElo "2107"]
[PlyCount "81"]
[EventDate "2016.??.??"]
[WhiteTeam "Perovo Moscow"]
[BlackTeam "SC Zugzwang 95 (Berlin)"]

1. Nf3 Nf6 2. g3 b5 3. Bg2 Bb7 4. O-O e6 5. a4 b4 6. a5 c5 7. c3 Na6 8. d4 Be7
9. dxc5 Bxc5 10. cxb4 Bxb4 11. Bd2 Be7 12. Nc3 O-O 13. Nb5 Nc5 14. Bb4 Rb8 15.
Nd6 Bxf3 16. Bxc5 Bxg2 17. Kxg2 Rxb2 18. Kg1 Nd5 19. e4 Qb8 20. Qd4 Rc2 21.
exd5 Bxd6 22. Bxa7 Be5 23. Qe3 Qc7 24. Bb6 Qc3 25. Qxc3 Rxc3 26. Rad1 Rcc8 27.
Rfe1 Bc7 28. dxe6 dxe6 29. Rd7 Bxb6 30. axb6 Rb8 31. b7 g6 32. Rc1 Kg7 33. Rcc7
Kf6 34. f4 h5 35. Kf2 Kg7 36. Ke3 Kg8 37. Kd4 Kg7 38. Kc5 Kg8 39. Kb6 Kg7 40.
Rd6 Kg8 41. Rdc6 1-0

[Event "Lichtenberger Sommer 2016"]
[Site "?"]
[Date "2016.08.17"]
[Round "5.10"]
[White "Amelang, Thomas"]
[Black "Rosmann, Ilja"]
[Result "1/2-1/2"]
[WhiteElo "2169"]
[BlackElo "2289"]
[PlyCount "71"]
[EventDate "2016.??.??"]
[WhiteTeam "SK Siemens München"]
[BlackTeam "Königsspr. SC"]

1. e4 e6 2. d4 d5 3. Nc3 dxe4 4. Nxe4 Nd7 5. Nf3 Be7 6. Bd3 Ngf6 7. O-O O-O 8.
Qe2 Nxe4 9. Bxe4 Nf6 10. Bd3 b6 11. Rd1 Bb7 12. c4 g6 13. Ne5 Qd6 14. Bg5 Rad8
15. Bc2 Rfe8 16. Qe3 Nh5 17. Bh6 b5 18. b3 Bf8 19. Bxf8 Rxf8 20. Be4 Bxe4 21.
Qxe4 bxc4 22. bxc4 c5 23. Nf3 Nf6 24. Qh4 Kg7 25. Rd2 cxd4 26. Rxd4 Qb6 27.
Rad1 Rxd4 28. Qxd4 Qxd4 29. Nxd4 Rc8 30. Rc1 Ne4 31. Nb3 Nc5 32. Kf1 Kf6 33.
Ke2 Ke5 34. Ke3 Kd6 35. Rd1+ Ke7 36. Rc1 1/2-1/2

[Event "Lichtenberger Sommer 2016"]
[Site "?"]
[Date "2016.08.17"]
[Round "5.11"]
[White "Roth, Josef"]
[Black "Kapp, Martin"]
[Result "1-0"]
[WhiteElo "2091"]
[BlackElo "2305"]
[PlyCount "67"]
[EventDate "2016.??.??"]
[WhiteTeam "SK König Tegel"]
[BlackTeam "ESV Lok Raw Cottbus"]

1. e4 e6 2. d4 d5 3. Nc3 Nf6 4. Bg5 Bb4 5. e5 h6 6. Be3 Ne4 7. Qg4 Kf8 8. a3
Bxc3+ 9. bxc3 c5 10. Bd3 Nxc3 11. dxc5 Nc6 12. Nf3 Kg8 13. O-O f5 14. Qh3 Bd7
15. g4 Ne4 16. c4 Ng5 17. Bxg5 hxg5 18. Qg2 dxc4 19. Bxc4 f4 20. Rad1 Rh6 21.
Rd6 Qe7 22. Rfd1 Be8 23. Qf1 Kh8 24. Qe2 Na5 25. Bb5 Nc6 26. Nd4 f3 27. Nxf3 a6
28. Bd3 Rc8 29. Qe3 Na7 30. Qxg5 Qf8 31. Be4 Nb5 32. Rd8 Nc3 33. Rxc8 Nxe4 34.
Rxe8 1-0

[Event "Lichtenberger Sommer 2016"]
[Site "?"]
[Date "2016.08.17"]
[Round "5.12"]
[White "Stiemerling, Wilfried"]
[Black "Hansch, Karsten"]
[Result "1/2-1/2"]
[WhiteElo "2117"]
[BlackElo "2265"]
[PlyCount "20"]
[EventDate "2016.??.??"]
[WhiteTeam "BSG Pneumant Fürstenwalde"]
[BlackTeam "SC Empor Potsdam"]

1. Nf3 g6 2. d4 Nf6 3. c4 Bg7 4. Nc3 O-O 5. e3 d6 6. Be2 Nbd7 7. O-O e5 8. b4
a5 9. b5 Re8 10. a4 exd4 1/2-1/2

[Event "Lichtenberger Sommer 2016"]
[Site "?"]
[Date "2016.08.17"]
[Round "5.13"]
[White "Kornrumpf, Joachim"]
[Black "Schiffer, Stefan"]
[Result "1-0"]
[WhiteElo "2076"]
[BlackElo "2237"]
[PlyCount "167"]
[EventDate "2016.??.??"]
[WhiteTeam "Preetzer TSV"]
[BlackTeam "Brühler SK"]

1. b3 e5 2. Bb2 Nc6 3. e3 g6 4. Nf3 Bg7 5. c4 Nge7 6. a3 O-O 7. Qc2 d6 8. d3 f5
9. Be2 h6 10. Nc3 Be6 11. Rd1 Qe8 12. O-O g5 13. d4 g4 14. d5 gxf3 15. Bxf3 e4
16. Be2 f4 17. exf4 Nd4 18. Rxd4 Bxd4 19. Qxe4 Bh3 20. Qxd4 Qg6 21. Qe4 Rae8
22. Qxg6+ Nxg6 23. Bh5 Bxg2 24. Bxg6 Bxf1 25. Bxe8 Bh3 26. Bh5 Rxf4 27. Ne2 Re4
28. f4 Re3 29. Bc3 Rd3 30. Kf2 Rd1 31. Bg6 Bf1 32. Ng3 Bd3 33. f5 Rc1 34. Bd2
Rb1 35. b4 Rb2 36. Ke3 Rb3 37. Kd4 Bb1 38. Bc3 c5+ 39. dxc6 bxc6 40. Ne2 Rxa3
41. h4 h5 42. Bxh5 Bxf5 43. Bf3 c5+ 44. bxc5 dxc5+ 45. Kxc5 Bd3 46. Kb4 Ra6 47.
c5 Rh6 48. h5 Kf8 49. Nf4 Bf5 50. c6 Ke7 51. Kc5 Rh7 52. Nd5+ Kd8 53. Bf6+ Ke8
54. Kd6 Rh6 55. Ke5 Bc8 56. Ne7 Bh3 57. c7 Kf7 58. Bd5+ Ke8 59. Nf5 Bxf5 60.
Kxf5 Kd7 61. Kg5 Rxh5+ 62. Kxh5 Kxc7 63. Be5+ Kd7 64. Kg5 a5 65. Kf5 a4 66. Ke4
Ke7 67. Kd4 a3 68. Kc3 a2 69. Bxa2 Kd7 70. Kd4 Kc6 71. Be6 Kb6 72. Bd7 Ka5 73.
Kc5 Ka6 74. Bc7 Kb7 75. Bd8 Ka7 76. Kc6 Ka6 77. Bg4 Ka7 78. Bb6+ Kb8 79. Be2
Kc8 80. Ba6+ Kb8 81. Be3 Ka8 82. Kb6 Kb8 83. Bf4+ Ka8 84. Bb7# 1-0

[Event "Lichtenberger Sommer 2016"]
[Site "?"]
[Date "2016.08.17"]
[Round "5.14"]
[White "Rehberg, Raphael"]
[Black "Schliebener, Stephan"]
[Result "0-1"]
[WhiteElo "2248"]
[BlackElo "2207"]
[PlyCount "96"]
[EventDate "2016.??.??"]
[WhiteTeam "SG Lok Brandenburg"]
[BlackTeam "BSV 63 Chemie Weißensee"]

1. e4 c5 2. Nf3 Nc6 3. Bb5 Qc7 4. O-O g6 5. Re1 Bg7 6. c3 a6 7. Bxc6 Qxc6 8. d4
d6 9. e5 Be6 10. Bf4 O-O-O 11. Nbd2 h6 12. c4 Bg4 13. h3 dxe5 14. Bxe5 Bxe5 15.
Rxe5 Bxf3 16. Nxf3 cxd4 17. b4 Kb8 18. b5 axb5 19. cxb5 Qb6 20. a4 f6 21. a5
Qd6 22. Re2 e5 23. b6 Rh7 24. Qd3 Ne7 25. a6 Nd5 26. Qxg6 Re7 27. Rb2 Nf4 28.
Qe4 Qd5 29. Nd2 bxa6 30. Rxa6 Rb7 31. Rba2 Kc8 32. g3 Qxe4 33. Nxe4 Ne6 34.
Rc2+ Kb8 35. Nxf6 d3 36. Rd2 Nc5 37. Ra3 Rxb6 38. Ng4 Nb3 39. Rd1 e4 40. Nxh6
Nd4 41. Ng4 Rb2 42. Ne3 Rf8 43. Rf1 Nc2 44. Nxc2 dxc2 45. Raa1 e3 46. f4 e2 47.
Rfc1 Re8 48. Re1 Rd8 0-1

[Event "Lichtenberger Sommer 2016"]
[Site "?"]
[Date "2016.08.17"]
[Round "5.15"]
[White "Schnabel, Ralf"]
[Black "Federau, Jürgen"]
[Result "0-1"]
[WhiteElo "2235"]
[BlackElo "2094"]
[PlyCount "70"]
[EventDate "2016.??.??"]
[WhiteTeam "ESV Nickelhütte Aue"]
[BlackTeam "SC Kreuzberg"]

1. e4 c5 2. Nf3 d6 3. d4 cxd4 4. Nxd4 Nf6 5. Nc3 a6 6. Be2 e5 7. Nb3 Be7 8. Qd3
O-O 9. O-O Nbd7 10. a4 b6 11. Qg3 Kh8 12. Bc4 Bb7 13. Qd3 Qc7 14. Be3 Kg8 15.
f3 Rfc8 16. Nd2 Nc5 17. Qe2 Rd8 18. Nd5 Nxd5 19. exd5 b5 20. axb5 axb5 21. Bxb5
Bxd5 22. b4 Nd7 23. c4 Be6 24. Rxa8 Rxa8 25. Qd3 f5 26. Nb3 Ra3 27. Rc1 Nf6 28.
Ra1 Rxa1+ 29. Nxa1 Qc8 30. Nc2 f4 31. Bf2 Bf5 32. Qb3 Be6 33. Qa2 Kf7 34. Ne1
Qb7 35. Nd3 Qxb5 0-1

[Event "Lichtenberger Sommer 2016"]
[Site "?"]
[Date "2016.08.17"]
[Round "5.16"]
[White "Dimitrijeski, Kristian"]
[Black "Koop, Thilo"]
[Result "1/2-1/2"]
[WhiteElo "2212"]
[BlackElo "2156"]
[PlyCount "82"]
[EventDate "2016.??.??"]
[WhiteTeam "SK König Tegel"]
[BlackTeam "Lübecker SV"]

1. d4 d5 2. Nf3 Nc6 3. g3 Bg4 4. Bg2 e6 5. O-O Nge7 6. Nbd2 Ng6 7. h3 Bxf3 8.
Nxf3 Bd6 9. b3 O-O 10. Bb2 Qe7 11. c4 dxc4 12. bxc4 Rad8 13. Qc1 b6 14. h4 h5
15. Ng5 Na5 16. c5 bxc5 17. Qc3 Rb8 18. Rab1 Nb7 19. dxc5 Be5 20. Qf3 Bxb2 21.
Qxh5 Rfd8 22. Rxb2 Nxc5 23. Rxb8 Rxb8 24. Rc1 Nd7 25. Rxc7 Rb1+ 26. Kh2 Qd8 27.
Rb7 Nf6 28. Qf3 Ne5 29. Rxb1 Nxf3+ 30. Bxf3 e5 31. Rb7 e4 32. Nxe4 Nxe4 33.
Bxe4 g6 34. Rxa7 Qd4 35. Ra8+ Kg7 36. Bg2 Qxf2 37. a4 f5 38. a5 f4 39. gxf4
Qxh4+ 40. Kg1 Qe1+ 41. Bf1 Qg3+ 1/2-1/2

[Event "Lichtenberger Sommer 2016"]
[Site "?"]
[Date "2016.08.17"]
[Round "5.17"]
[White "Goldenstein, Arnd"]
[Black "Pluska, Alexander"]
[Result "1-0"]
[WhiteElo "2016"]
[BlackElo "2116"]
[PlyCount "105"]
[EventDate "2016.??.??"]
[WhiteTeam "Klub Kölner SF"]
[BlackTeam "SK Doppelbauer Kiel"]

1. d4 Nf6 2. c4 g6 3. Nf3 Bg7 4. Nc3 O-O 5. e4 d6 6. Be2 e5 7. O-O Nc6 8. d5
Ne7 9. b4 Nh5 10. Re1 f5 11. Ng5 Nf6 12. Ba3 h6 13. Ne6 Bxe6 14. dxe6 Nxe4 15.
Nxe4 fxe4 16. Qc2 Qc8 17. Rad1 Qxe6 18. Qxe4 c6 19. b5 Rf4 20. Qc2 Nf5 21. bxc6
bxc6 22. Bc1 Rd4 23. Bb2 Rxd1 24. Bxd1 Re8 25. Qa4 Qd7 26. Bc2 Kh7 27. Be4 Nd4
28. Kf1 Rc8 29. Re3 Nf5 30. Ra3 Qe6 31. Bxc6 e4 32. Bd5 Qe7 33. Rb3 e3 34. Bxg7
exf2 35. Kxf2 Re8 36. Qxe8 Qxe8 37. Bb2 h5 38. Bf6 Kh6 39. h4 Qf8 40. Bg5+ Kh7
41. Rb7+ Ng7+ 42. Rf7 Qc8 43. Bf6 Qg4 44. Rxg7+ Kh6 45. Rf7 Qf4+ 46. Ke2 Qg4+
47. Ke3 Qg3+ 48. Bf3 Qe1+ 49. Kf4 Qc1+ 50. Kg3 Qe1+ 51. Kh2 g5 52. Bxg5+ Kg6
53. Re7 1-0

[Event "Lichtenberger Sommer 2016"]
[Site "?"]
[Date "2016.08.17"]
[Round "5.18"]
[White "Böhm, Jürgen"]
[Black "Wörz, Markus"]
[Result "1-0"]
[WhiteElo "2168"]
[BlackElo "2055"]
[PlyCount "63"]
[EventDate "2016.??.??"]
[WhiteTeam "SF Brackel"]
[BlackTeam "SC Kreuzberg"]

1. d4 Nf6 2. Bg5 Ne4 3. Bf4 d5 4. e3 c5 5. Bd3 cxd4 6. exd4 Qb6 7. Nc3 e5 8.
Bxe5 Qxb2 9. Nxe4 dxe4 10. Bxe4 Qc3+ 11. Kf1 Nc6 12. Ne2 Qa5 13. Bf4 Bb4 14. c3
Ba3 15. Qb3 O-O 16. h3 Rd8 17. Kg1 Qa6 18. Ng3 Bd6 19. Bxd6 Na5 20. Qc2 Qxd6
21. Bxh7+ Kf8 22. Be4 Rb8 23. Kh2 Nc4 24. Rhe1 Be6 25. Kg1 b5 26. Rad1 g6 27.
Qe2 Re8 28. Qc2 Kg7 29. Re2 Rec8 30. Rde1 Qf4 31. Bxg6 Bxh3 32. Nh5+ 1-0

[Event "Lichtenberger Sommer 2016"]
[Site "?"]
[Date "2016.08.17"]
[Round "5.19"]
[White "Silz, Elisa"]
[Black "Gaerths, Ronny"]
[Result "0-1"]
[WhiteElo "1973"]
[BlackElo "2169"]
[PlyCount "88"]
[EventDate "2016.??.??"]
[WhiteTeam "SV Empor Berlin"]
[BlackTeam "SG TT/Wiheil (FV Schach)"]

1. d4 g6 2. c4 Bg7 3. Nc3 c5 4. Nf3 cxd4 5. Nxd4 Nc6 6. e3 Nf6 7. Be2 O-O 8.
O-O Nxd4 9. exd4 d5 10. cxd5 Nxd5 11. Bf3 Be6 12. Re1 Re8 13. Ne4 Nf6 14. Nc5
Bd5 15. Be3 b6 16. Nd3 Rc8 17. Nb4 Bxf3 18. Qxf3 Qd6 19. a3 e6 20. Rac1 a5 21.
Nc6 Nd5 22. Na7 Rxc1 23. Rxc1 Qd7 24. Nc6 Rc8 25. Ne5 Rxc1+ 26. Bxc1 Qc7 27.
Qd1 Bxe5 28. dxe5 Qxe5 29. h3 f6 30. Qc2 Qc7 31. Qd1 Kg7 32. Bd2 Qc4 33. b3 Qc6
34. Qe2 Kf7 35. Qa6 Qc7 36. Qa8 Kg7 37. b4 axb4 38. axb4 g5 39. b5 Qc2 40. Be1
Qb1 41. Qb7+ Kg6 42. Qd7 Qxe1+ 43. Kh2 Qxf2 44. Qxe6 Qxg2+ 0-1

[Event "Lichtenberger Sommer 2016"]
[Site "?"]
[Date "2016.08.17"]
[Round "5.20"]
[White "Krefenstein, Sergej"]
[Black "Teichert, Felix"]
[Result "1/2-1/2"]
[WhiteElo "2187"]
[BlackElo "1774"]
[PlyCount "36"]
[EventDate "2016.??.??"]
[WhiteTeam "TuS Makkabi Berlin"]
[BlackTeam "Leegebrucher SF"]

1. e4 d5 2. Nc3 d4 3. Nce2 c5 4. c3 e5 5. d3 Nc6 6. f4 Bd6 7. g3 f5 8. Bg2 Nf6
9. exf5 dxc3 10. bxc3 Bxf5 11. Nf3 Qd7 12. O-O O-O 13. fxe5 Nxe5 14. d4 Nxf3+
15. Bxf3 Ne4 16. Nf4 Rae8 17. g4 Bxf4 18. Bxf4 Nxc3 1/2-1/2

[Event "Lichtenberger Sommer 2016"]
[Site "?"]
[Date "2016.08.17"]
[Round "5.21"]
[White "Nötzel, Felix"]
[Black "Wierzbicki, Jirawat"]
[Result "1/2-1/2"]
[WhiteElo "2212"]
[BlackElo "2051"]
[PlyCount "164"]
[EventDate "2016.??.??"]
[WhiteTeam "SF 1903 Berlin"]
[BlackTeam "SK König Tegel"]

1. d4 d5 2. Nf3 Nf6 3. e3 Bg4 4. c4 dxc4 5. Bxc4 e6 6. h3 Bh5 7. O-O Nc6 8.
Nbd2 Bd6 9. e4 Nd7 10. Qc2 O-O 11. a3 e5 12. d5 Ne7 13. b4 c6 14. dxc6 Nxc6 15.
Bb2 Rc8 16. Qb3 Qe7 17. Rac1 Nb6 18. Be2 Bg6 19. Qe3 Rfd8 20. Rfd1 Bc7 21. Ba1
Nd7 22. Bb5 Bb6 23. Qe2 Nd4 24. Bxd4 exd4 25. Bd3 Nf6 26. Re1 Rxc1 27. Rxc1 Re8
28. Re1 Kf8 29. g3 Qe6 30. Kg2 a5 31. e5 Nd5 32. Bc4 axb4 33. axb4 Rd8 34. Ra1
d3 35. Qd1 Qc6 36. Qb3 Bc7 37. Kg1 b5 38. Bxd3 Bxd3 39. Qxd3 Nxb4 40. Qxh7 Qh6
41. Qe4 Nd5 42. h4 Kg8 43. Ng5 Ne7 44. Ra8 Qg6 45. Rxd8+ Bxd8 46. Qa8 Qb6 47.
Nde4 Qa5 48. Qb8 Qb6 49. Qa8 Qa5 50. Qb8 Qb6 51. Qxb6 Bxb6 52. Kf1 Bd4 53. f4
Nf5 54. Ke2 Bg1 55. Nf3 Bb6 56. Kd3 Kf8 57. g4 Ne7 58. h5 Nd5 59. Nd6 Nxf4+ 60.
Ke4 Ne2 61. Nxb5 Ke7 62. Nbd4 Nc3+ 63. Kf5 Kf8 64. g5 Kg8 65. g6 Nd5 66. gxf7+
Kxf7 67. e6+ Ke7 68. Ke5 Nf6 69. Nf5+ Kf8 70. Kd6 Bd8 71. Ng3 Be7+ 72. Ke5 Bd8
73. Kf5 Ke7 74. Ne5 Bc7 75. Ng6+ Ke8 76. Ne5 Ke7 77. Ng6+ Ke8 78. Nf4 Ke7 79.
Nge2 Nxh5 80. Nd5+ Kd6 81. e7 Kd7 82. Kg6 Bd6 1/2-1/2

[Event "Lichtenberger Sommer 2016"]
[Site "?"]
[Date "2016.08.17"]
[Round "5.22"]
[White "Voigt, Ingo"]
[Black "Brümmel, Arend"]
[Result "1/2-1/2"]
[WhiteElo "1967"]
[BlackElo "2152"]
[PlyCount "90"]
[EventDate "2016.??.??"]
[WhiteTeam "BSV 63 Chemie Weißensee"]
[BlackTeam "Stader SV"]

1. Nf3 d5 2. g3 Nf6 3. Bg2 c6 4. O-O Bf5 5. d3 h6 6. Nbd2 e6 7. Re1 Be7 8. e4
dxe4 9. dxe4 Nxe4 10. Nh4 Bxh4 11. Nxe4 Bxe4 12. Bxe4 Qxd1 13. Rxd1 Be7 14. Be3
Nd7 15. Rd3 Nf6 16. Bf3 Nd5 17. Rb3 Nxe3 18. fxe3 O-O-O 19. Rd3 Bf6 20. Rb1 Rd7
21. b3 Kc7 22. Kf2 h5 23. h3 h4 24. g4 Be5 25. Rbd1 Rd6 26. Ke2 Rhd8 27. Rf1
R8d7 28. Be4 g6 29. a4 Re7 30. Bg2 Kb6 31. Rfd1 Red7 32. Bf3 Kc5 33. Rxd6 Bxd6
34. Rd4 Kb6 35. g5 Kc7 36. Rxh4 Be5 37. Rc4 Bb2 38. Be4 Rd8 39. Bd3 Rh8 40. Rf4
Rh7 41. h4 Be5 42. Rf3 Kb6 43. h5 Rxh5 44. Rxf7 Rxg5 45. Re7 Rg2+ 1/2-1/2

[Event "Lichtenberger Sommer 2016"]
[Site "?"]
[Date "2016.08.17"]
[Round "5.23"]
[White "Muskewitz, Bernd"]
[Black "Hermannsdörfer, Frank"]
[Result "0-1"]
[WhiteElo "1951"]
[BlackElo "2188"]
[PlyCount "90"]
[EventDate "2016.??.??"]
[WhiteTeam "SV Mattnetz Berlin"]
[BlackTeam "SV Liebschwitz"]

1. e4 d6 2. d4 Nf6 3. f3 e5 4. d5 c6 5. c4 Qb6 6. Qe2 Be7 7. Be3 Qc7 8. Nc3
Nbd7 9. Qd2 h6 10. Bd3 Nf8 11. Nge2 Ng6 12. b4 Nh7 13. O-O Bg5 14. c5 O-O 15.
Bc4 Rd8 16. Bxg5 hxg5 17. Qe3 Nf4 18. Nxf4 gxf4 19. Qf2 Nf6 20. Rfd1 a5 21. a3
axb4 22. axb4 Rxa1 23. Rxa1 Bd7 24. Ra7 Rb8 25. dxc6 Qxc6 26. Nd5 Nxd5 27. exd5
Qc8 28. Bd3 Bf5 29. Be4 Bxe4 30. fxe4 f5 31. Qc2 fxe4 32. c6 Qc7 33. Rxb7 Rxb7
34. cxb7 Qxb7 35. Qxe4 Qa7+ 36. Kf1 Qa1+ 37. Kf2 Qb2+ 38. Kf3 Qd2 39. Kg4 Qf2
40. Kf5 Kf7 41. Kg5 Ke7 42. Kg4 Qg1 43. Kh3 Qe3+ 44. Qxe3 fxe3 45. Kg3 e4 0-1